| 000 | 01013nam a2200277 i 4500 | ||
|---|---|---|---|
| 003 | DO-SdBNP | ||
| 005 | 20260528094501.0 | ||
| 007 | ta | ||
| 008 | 240814e2016 dr aoc|| t||| 00| 0 spa d | ||
| 040 |
_aDO-SdBNP _bspa _cBNPHU _erda |
||
| 041 | _aspa | ||
| 082 | 4 |
_axxx _bxxx _222 |
|
| 110 | 2 |
_aAcademia Dominicana de la Historia _9777 |
|
| 245 | 0 | 0 |
_aMemoria 2013-2016 / _ceditores, Bernardo Vega y Jesús R. Navarro Zerpa ; coordinación de texto, Keissie Brens, Nadia Lugo |
| 264 | 1 |
_aSanto Domingo : _bEditoria Búho, _c2016. |
|
| 300 |
_a118 páginas : _bilustraciones, retratos, fotos ; _c24 cm. |
||
| 336 |
_atexto _btxt _2rdacontent |
||
| 337 |
_asin mediación _bn _2rdamedia |
||
| 338 |
_avolumen _bnc _2rdacarrier |
||
| 590 | _aInventariado, 2024 / MF | ||
| 700 | 1 |
_aVega, Bernardo, _d1938 - _eeditor _4ed. _93222 |
|
| 700 | 1 |
_aNavarro Zerpa, Jesús R., _eeditor _4ed. _973422 |
|
| 700 | 1 |
_aBrens Keissie, _ecoordinador _4coord. _986338 |
|
| 700 | 1 |
_aLugo, Nadia, _ecoordinador _4cood. _986339 |
|
| 942 |
_2ddc _cLBS1 |
||
| 999 |
_c57452 _d57452 |
||